000 00806nam a2200253Ia 4500
003 OSt
005 20221005112826.0
006 a|||||r|||| 00| 0
007 ta
008 221004b |||||||| |||| 00| 0 pan d
020 _c100
024 _a95585
037 _b72865, 31/12/2008, Arsee Publishers
_cTextual
040 _aCRL
_cCRL
_bpan
041 _2pan
_apan
082 _aO153,3NBALx, N3
100 _aਬਲਦੇਵ ਸਿੰਘ
245 0 _aਞੱਖੜ ਤੇ ਪਰਿੰਦੇ
260 _aਦਿੱਲੀ
_bਆਰਸੀ ਭਾਰਤ
_c1993
300 _a135ਪੰ
_ccm.
650 _aਪੰਜਾਬੀ ਸਾਹਿਤ
942 _hO153,3NBALx, N3
_cTEXL
_2cc
999 _c1026113
_d1026113